000 00616nam a2200193 4500
001 133438
003 ES-MaACL
005 20230906194414.0
007 t|
008 070214s1921 it r ||||1| ita d
100 1 _aRuiz, Diego.
_9100600
245 1 0 _aContro Chopin
_b: impromptu di un filosofo dell'entusiasmo contro ogni possibile ritorno del `Primitivo` /
_cDiego Ruíz.
260 _aBologna :
_bSarti,
_c1921.
300 _a32 p. ;
_c25 cm.
490 1 _aRitmo ;
_vfasc. IV, Sez. B., III
830 0 _aRitmo ;
_vfasc. IV, Sez. B., III
_9219736
852 _aES-MaACL
_j1614-F-13
999 _c133438
_d133438